Statistiques concernant Culture Générale - Série 492

Cliquez ici pour prendre le quiz!

Statistiques générales

  • Ce quiz a été pris 48 fois
  • Le résultat moyen est 3 sur 10

Statistiques - réponses

QuestionRéponse% Correct
Dans "Karaté Kid", de quelle nationalité est le jardinier qui initie Daniel aux arts martiaux ?japonaise
61%
Comment se prénomme l'enfant de la famille Ingalls qui perd la vue dans la série télévisée "La Petite Maison dans la prairie" ?Mary
45%
Selon les paroles d'une chanson de Bourvil, sur quel sol ne verra‐t‐on jamais un oranger ?Irlandais
41%
Dans quel film de Jean Renoir, Jean Gabin est‐il conducteur de locomotive ?La Bête humaine
39%
Quel port du Maroc a inspiré le nom d'un agrume proche de la mandarine ?Tanger
34%
Quelle petite orange chinoise pousse sur l'arbre appelé citronnier du Japon ?kumquat
30%
Quelle confiserie est une spécialité de Carpentras ?berlingot
27%
Quel chanteur était surnommé "The Genius" ?Ray Charles
16%
De quelle ville la plante confite appelée angélique est-elle une spécialité ?Niort
9%
Dans "La Boum", dans quelle station balnéaire Vic rejoint‐elle Mathieu, son amoureux ?Cabourg
7%

Distribution des résultats

Percentile par nombre de réponses

% des personnes avec chaque résultat

Votre développement - résultats

Vous n’avez pas pris ce quiz